000 00298nam a2200121Ia 4500
005 20251222143201.0
008 251222s9999||||xx |||||||||||||| ||spa||
082 _a375.2/A48G
100 _aAlvarado Oyarce, Otoniel
245 0 _aGerencia Educativa:
264 _bFondo Editorial UCV
942 _cLIB
999 _c13067
_d13067